Assassins - Statistics

General Stats
  • This quiz has been taken 26 times
  • The average score is 3 of 5
Answer Stats
Who they killed Where Assassin % Correct
Abraham Lincoln USA John Wilkes Booth
100%
John F. Kennedy USA Lee Harvey Oswald
95%
John Lennon USA Mark David Chapman
50%
Martin Luthor King Jr. USA James Earl Ray
32%
Rasputin Russia Felix Yusupov
9%
No matching quizzes found
Score Distribution
Percent of People with Each Score
Percentile by Number Answered
Your Score History
You have not taken this quiz